000 00762nam a22002177a 4500
003 OSt
005 20221006153752.0
008 221006b |||||||| |||| 00| 0 eng d
020 _a84-89152-43-8
040 _cBiblioteca Lado V
082 _a708.96
_bN738t
100 _987
_aNjami, Simon
_eComisario
245 _aEl Tiempo de Africa/
260 _aIslas Canarias
_bCentro Atlantico de Arte Moderno, Cabildo de gran Canaria
_c2001
300 _a318p.
_c24x28cm
650 _2Tesauro de Arte & Arquitectura
_aAFRICA
650 _2Tesauro de Arte & Arquitectura
_aARTE CONTEMPORANEO
650 _2Tesauro de Arte & Arquitectura
_aARTE AFRICANO
650 _2Tesauro de Arte & Arquitectura
_aHISTORIA
942 _2ddc
_c1
_h708.96
_iN738t
_n0
999 _c2196
_d2196